000 00633nam a22001937a 4500
003 BD-RjUL
005 20250916110527.0
008 250916s195? pk ||||| |||| 00| 0 urd d
035 _a(BD-RjUL)
040 _aBD-RjUL
_beng
_cBD-RjUL
041 _aurd
082 _223
_a297.273
_bRAI 195?
100 _aRafiq, Saeed Ahmed ;; رفیق، سعید احمد
_916914
245 _aاسلامی نظام تعلیم ;; islami nazaam taalim /
_cسعید احمد رفیق ;; Saeed Ahmed Rafiq
260 _aKarachi :
_bEducational ,
_c195?
300 _a304 p. ;
_c17 cm
650 _aIslamic system
_veducation
_916915
942 _2ddc
_cBK
999 _c85722
_d85722